000 00552nam a22002057i 4500
001 633
003 OSt
005 20170126082245.0
007 tu
008 161220s1992 xxu||||| |||| 00| 0 d
024 7 _a632
_2RID
040 _cOSt
084 _a16.20
_2z
100 1 _aAlton, Thad P.
245 0 0 _aAgricultural Output, Gross Product, and Expenses in Eastern Europe, 1975 - 1991
260 _aNew York :
_bL.W. International Financial Research, Inc.,
_c1992.
300 _a92 S. ;
_c30cm.
490 _aOccasional Papers
_v121
651 _aEastern Europe
942 _cB
999 _c625
_d625